Normal view
MARC view
- Economic assistance, American
Entry Topical Term
001 - CONTROL NUMBER
- control field: 98456
003 - CONTROL NUMBER IDENTIFIER
- control field: NUST
005 - DATE AND TIME OF LATEST TRANSACTION
- control field: 20220824112951.0
008 - FIXED-LENGTH DATA ELEMENTS
- fixed length control field: 220824|| aca||aabn | a|a d
040 ## - CATALOGING SOURCE
- Original cataloging agency: NUST
- Transcribing agency: NUST
150 ## - HEADING--TOPICAL TERM
- Topical term or geographic name entry element: Economic assistance, American
670 ## - SOURCE DATA FOUND
- Source citation: Work cat.: (NUST)0: Porter, David (David Stanley) 98454, U.S. economic foreign aid :, 1990.
